000
002540000a22000970004500
100
1
_a
Sánchez Cetina, Edesio
245
1
0
_a
El hebreo
300
_a
Vol.62, núm.284 (enero.febrero, 2007), Páginas 8-12
773
0
_t
La Biblia de las Américas
942
_c
ANA
999
_c
62181
_d
62181